[Event "Struga Lake Queen op"]
[Site "Struga"]
[Date "2019.09.07"]
[Round "1"]
[White "Giakoustidou, Evgenia"]
[Black "Zrmanovska, Mihaela"]
[Result "0-1"]
[WhiteElo "1019"]
[BlackElo "1301"]
[PlyCount "75"]
[EventDate "2019.09.07"]
[EventType "swiss"]
[EventRounds "7"]
[EventCountry "MKD"]
[SourceTitle "EXT 2020"]
[Source "ChessBase"]
[SourceDate "2019.10.17"]
[SourceVersion "1"]
[SourceVersionDate "2019.10.17"]
[SourceQuality "1"]

1. e4 c5 2. Nc3 d6 3. g3 Nf6 4. Bg2 g6 5. Nge2 Bg7 6. 0-0 0-0 7. d3 Nc6 8. h3 Bd7 9. Be3 Qc8 10. Kh2 a6 11. a4 Nb4 12. Qd2 Qc7 13. Rac1 Rfe8 14. f4 e6 15. g4 b5 16. axb5 axb5 17. f5 d5+ 18. Bf4 e5 19. Bh6 d4 20. Nd1 Bh8 21. Ng3 Qd6 22. Nf2 Rec8 23. b3 Ra2 24. Bf3 c4 25. bxc4 bxc4 26. h4 cxd3 27. Nxd3 Raxc2 28. Rxc2 Rxc2 29. Qxc2 Nxc2 30. g5 Ne3 31. Rf2 Nfg4+ 32. Bxg4 Nxg4+ 33. Kg2 Nxf2 34. Kxf2 Bg7 35. Bxg7 Kxg7 36. h5 Bb5 37. Ne1 Qa3 38. Nf3 0-1

[Event "GRE-ch U10 Girls"]
[Site "Patras"]
[Date "2019.06.26"]
[Round "3.2"]
[White "Giakoustidou, Evgenia"]
[Black "Kozyri, Aikaterini"]
[Result "0-1"]
[WhiteElo "1026"]
[BlackElo "1071"]
[PlyCount "144"]
[EventDate "2019.06.25"]
[EventType "swiss"]
[EventRounds "9"]
[EventCountry "GRE"]
[SourceTitle "EXT 2020"]
[Source "ChessBase"]
[SourceDate "2019.10.17"]
[SourceVersion "1"]
[SourceVersionDate "2019.10.17"]
[SourceQuality "1"]
[WhiteTeam "Greece"]
[BlackTeam "Greece"]
[WhiteTeamCountry "GRE"]
[BlackTeamCountry "GRE"]

1. e4 e5 2. Nf3 Nc6 3. Bc4 Bc5 4. c3 Nf6 5. b4 Bb6 6. d3 d6 7. Bb3 Be6 8. Bc2 h6 9. h3 Qd7 10. Be3 0-0 11. 0-0 Ne7 12. d4 exd4 13. Nxd4 d5 14. f3 Qd6 15. Qd2 Ng6 16. Kh1 c6 17. Nxe6 fxe6 18. Bxb6 axb6 19. exd5 cxd5 20. Bxg6 Qg3 21. Bc2 e5 22. Qf2 Nh5 23. Kg1 Qg5 24. Qd2 Nf4 25. Kh1 Qg3 26. Bb3 Rad8 27. Qf2 Nh5 28. Nd2 Kh8 29. Kg1 Qg6 30. Rac1 Nf4 31. Bc2 Nxh3+ 32. Kh2 Qxc2 33. Rxc2 Nxf2 34. Rxf2 Rc8 35. Nb3 Rc4 36. Rfe2 Re8 37. g3 Kg8 38. Kg2 Kf7 39. Red2 Rd8 40. Kf2 Ke6 41. Re2 Kf5 42. Nd2 Rc7 43. Nf1 Rf7 44. Ne3+ Ke6 45. Rcd2 g5 46. Nc4 e4 47. Re3 Rdf8 48. Nxb6 Rxf3+ 49. Rxf3 Rxf3+ 50. Ke2 Rxc3 51. Nxd5 Rxg3 52. Nb6 g4 53. Nc4 h5 54. Ne3 h4 55. Nf1 Rg2+ 56. Ke3 Rxd2 57. Kxd2 Kf5 58. Ke3 g3 59. Nxg3+ hxg3 60. Ke2 Kf4 61. a4 e3 62. a5 g2 63. b5 g1Q 64. a6 Qf2+ 65. Kd3 bxa6 66. bxa6 Ke5 67. a7 Qd2+ 68. Kc4 Qd4+ 69. Kb3 Qxa7 70. Kc2 Kd4 71. Kd1 Kd3 72. Ke1 Qa1# 0-1